000 00411nam a2200181Ia 4500
001 4842
005 20260306145824.0
008 260306t2007||||xx |||||||||||||| ||spa||
041 _aESP
082 _a330.951
_bK495
100 _aKynge, James
_eAUT
245 0 _aChina sacude al mundo
260 _c2007
300 _a237 páginas :
_c22 cm.
650 _aGEN
654 _aCAN
942 _cLIB
_dJUS
_fJUS
_2ddc
_n
999 _c4842
_d4842